Catálogo
 En Linea

Lenguaje artístico : (Registro nro. 59794)

Detalles MARC
000 -CABECERA
campo de control de longitud fija 02439nam a2200409 i 4500
003 - IDENTIFICADOR DEL NÚMERO DE CONTROL
campo de control DO-SdBNP
005 - FECHA Y HORA DE LA ÚLTIMA TRANSACCIÓN
campo de control 20250818095950.0
007 - CAMPO FIJO DE DESCRIPCIÓN FÍSICA--INFORMACIÓN GENERAL
campo de control de longitud fija ta
008 - DATOS DE LONGITUD FIJA--INFORMACIÓN GENERAL
campo de control de longitud fija 250813b2025 dr a ||| |||| 001 0 spa d
020 ## - NÚMERO INTERNACIONAL ESTÁNDAR DEL LIBRO
Número Internacional Estándar del Libro 9789945949407
040 ## - FUENTE DE LA CATALOGACIÓN
Centro catalogador/agencia de origen DO-SdBNP
Lengua de catalogación spa
Centro/agencia transcriptor BNPHU
Normas de descripción rda
041 ## - CÓDIGO DE LENGUA
Código de lengua del texto/banda sonora o título independiente spa
082 ## - NÚMERO DE LA CLASIFICACIÓN DECIMAL DEWEY
Número de clasificación xxx
Número de documento/Ítem B213
Número de edición 22
110 2# - ENTRADA PRINCIPAL--NOMBRE DE ENTIDAD CORPORATIVA
Nombre de entidad corporativa o nombre de jurisdicción como elemento de entrada Banco Central de la República Dominicana
9 (RLIN) 83405
245 10 - MENCIÓN DE TÍTULO
Título Lenguaje artístico :
Resto del título premios del primer concurso Expresiones de arte CEBC 2023 /
Mención de responsabilidad, etc. jurado, Alberto Bass, Elioenai Medina, Elvis Soto Batista, Fer Figheras, Marianne de Tolentino y otros
250 ## - MENCIÓN DE EDICIÓN
Mención de edición Primera edición
264 #4 - PRODUCCIÓN, PUBLICACIÓN, DISTRIBUCIÓN, FABRICACIÓN Y COPYRIGHT
Producción, publicación, distribución, fabricación y copyright Santo Domingo :
Nombre del de productor, editor, distribuidor, fabricante Banco Central,
Fecha de producción, publicación, distribución, fabricación o copyright ©2025.
300 ## - DESCRIPCIÓN FÍSICA
Extensión 57 Páginas :
Otras características físicas ilustraciones
Dimensiones 23 cm.
336 ## - TIPO DE CONTENIDO
Término de tipo de contenido texto
Código de tipo de contenido txt
Fuente rdacontent
337 ## - TIPO DE MEDIO
Nombre/término del tipo de medio sin mediación
Código del tipo de medio n
Fuente rdamedia
338 ## - TIPO DE SOPORTE
Nombre/término del tipo de soporte volumen
Código del tipo de soporte nc
Fuente rdacarrier
490 1# - MENCIÓN DE SERIE
Mención de serie Expresiones de arte CEBC
Designación de volumen o secuencia 1
505 ## - NOTA DE CONTENIDO CON FORMATO
Título Agradecimientos --
-- Presentación --
-- Introducción --
Información miscelánea Cuento: obra premiada --
Título El piloto de Watermelon --
Mención de responsabilidad Leonardo David Sánchez Contreras /
Información miscelánea Pintura: obra premiada --
Título Seulement 5% --
Mención de responsabilidad Ángelo Rivas Lorenzo /
Información miscelánea Pintura: Mención de honor --
Título Mi gran árbol --
Mención de responsabilidad Franchesca Rivas Lorenzo /
Información miscelánea Imagen digital: obra premiada --
Título Amistad de diferentes universos --
Mención de responsabilidad Annabella Sánchez González /
Información miscelánea Imagen digital: mención de honor --
Título Los pedidos del amor --
Mención de responsabilidad Ángelo Rivas Lorenzo /
Información miscelánea Canto: obra premiada --
Título Mañana a las tres --
Mención de responsabilidad Pedro A. Martínez Pérez /
Información miscelánea Canto: mención de honor --
Título Te ofrezco --
Mención de responsabilidad Lía Rachelle Colón /
Título Ganadores del concurso expresiones de arte CEBC 2023 --
-- Miembros del jurado del concurso expresiones de arte CEBC 2023 --
-- Miembros de la junta directiva del club de empleados del Banco Central de la República Dominicana, 2023 /
520 ## - SUMARIO, ETC.
Sumario, etc. Premios de primer concurso Expresiones de arte Club de Empleados del Banco Central
590 ## - NOTA LOCAL (RLIN)
Nota local Inventariado, 2025/ YL
700 1# - PUNTO DE ACCESO ADICIONAL--NOMBRE DE PERSONA
Nombre de persona Bass, Alberto
Término indicativo de función/relación jurado
Código de función/relación ju.
9 (RLIN) 26650
700 1# - PUNTO DE ACCESO ADICIONAL--NOMBRE DE PERSONA
Nombre de persona Medina, Elioenai
Término indicativo de función/relación jurado
Código de función/relación ju.
9 (RLIN) 88507
700 1# - PUNTO DE ACCESO ADICIONAL--NOMBRE DE PERSONA
Nombre de persona Soto Batista, Elvis
Término indicativo de función/relación jurado
Código de función/relación ju.
9 (RLIN) 83581
700 1# - PUNTO DE ACCESO ADICIONAL--NOMBRE DE PERSONA
Nombre de persona Figheras, Fer
Término indicativo de función/relación jurado
Código de función/relación ju.
9 (RLIN) 88508
700 1# - PUNTO DE ACCESO ADICIONAL--NOMBRE DE PERSONA
Nombre de persona Tolentino, Marianne de
Término indicativo de función/relación jurado
Código de función/relación ju.
9 (RLIN) 15222
700 1# - PUNTO DE ACCESO ADICIONAL--NOMBRE DE PERSONA
Nombre de persona Vega, Máximo
Término indicativo de función/relación jurado
Código de función/relación ju.
9 (RLIN) 22617
700 1# - PUNTO DE ACCESO ADICIONAL--NOMBRE DE PERSONA
Nombre de persona Tayson, Pura
Término indicativo de función/relación jurado
Código de función/relación ju.
9 (RLIN) 88509
700 1# - PUNTO DE ACCESO ADICIONAL--NOMBRE DE PERSONA
Nombre de persona Rodríguez, Rafael José
Término indicativo de función/relación jurado
Código de función/relación ju.
9 (RLIN) 88510
700 1# - PUNTO DE ACCESO ADICIONAL--NOMBRE DE PERSONA
Nombre de persona Velásquez Matos, Vladimir
Término indicativo de función/relación jurado
Código de función/relación ju.
9 (RLIN) 88511
910 ## - DATOS DE OPCIÓN DEL USUARIO (OCLC)
Datos de opción del usuario Ylockward
942 ## - ELEMENTOS DE PUNTO DE ACCESO ADICIONAL (KOHA)
Fuente del sistema de clasificación o colocación Dewey Decimal Classification
Tipo de ítem Koha Libro
Existencias
Estado de retiro Estado de pérdida Fuente del sistema de clasificación o colocación Restricciones de uso No para préstamo Código de colección Localización permanente Ubicación/localización actual Ubicación en estantería Fecha de adquisición Fuente de adquisición Total de préstamos Signatura topográfica completa Código de barras Fecha visto por última vez Precio válido a partir de Tipo de ítem Koha Número de copia
    Dewey Decimal Classification Excluido de préstamo   Patrimonio Dominicano Biblioteca Nacional Pedro Henríquez Ureña Biblioteca Nacional Pedro Henríquez Ureña En catalogación 01.08.2025 Depósito Legal Banco Central   BNPHU PD xxx B213 2025-8483 18.08.2025 18.08.2025 Libro  
    Dewey Decimal Classification Excluido de préstamo   Patrimonio Dominicano Biblioteca Nacional Pedro Henríquez Ureña Biblioteca Nacional Pedro Henríquez Ureña En catalogación 01.08.2025 Depósito Legal Banco Central   BNPHU PD xxx B213 2025-8484 18.08.2025 18.08.2025 Libro e. 2
    Dewey Decimal Classification Préstamo en sala   Dominicana de Servicio Biblioteca Nacional Pedro Henríquez Ureña Biblioteca Nacional Pedro Henríquez Ureña En catalogación 01.08.2025 Depósito Legal Banco Central   BNPHU DS xxx B213 2025-8487 18.08.2025 18.08.2025 Libro e. 3

Con tecnología Koha